| 000 | 00523nam a2200169Ia 4500 | ||
|---|---|---|---|
| 003 | OSt | ||
| 005 | 20200626103003.0 | ||
| 008 | 190216s9999||||xx |||||||||||||| ||und|| | ||
| 040 | _coclc | ||
| 082 |
_a954.83 _bKUR/A |
||
| 100 |
_aKurup, K K N _91879 _d1939- author. |
||
| 245 | 0 |
_aAdhunika Keralam Charithra Gaveshana Prabandhangal / _cK K N Kurup |
|
| 260 |
_bKerala Bhasha Institute, _c1982. _aTrivandrum: |
||
| 300 | _a190p | ||
| 650 | _aHistory | ||
| 942 |
_cBK _2ddc _h954.83 _iKUR/A _k954.83 _mKUR/A |
||
| 999 |
_c40372 _d40372 |
||